000 00606nam a2200217Ia 4500
005 20250326144505.0
008 250326s9999 xx 000 0 und d
020 _a978-1-4221-2288-4
037 _aTextbook
040 _aFMSL
_beng
_cFMSL
041 _aeng
_2eng
084 _aX:8 P8
_qFMSL
100 _aGabarro John J
_9749751
245 0 _aManaging your boss
_cGabarro John J; Kotter John P
260 _aBoston
_bBoston, Harvard Business Review
_c2008
300 _av,55
365 _b434.70150000000001
650 _aManagement
942 _cTB
_hX:8 P8
999 _c1303898
_d1303898